| 000 | 00551nam a22002177a 4500 | ||
|---|---|---|---|
| 003 | SISC | ||
| 005 | 20190620144034.0 | ||
| 008 | 130318t xxu||||| |||| 00| 0 eng d | ||
| 020 | _a9789810164188 | ||
| 050 |
_aQA164 _b.H58 2003 |
||
| 082 |
_aQA164 _b.H58 2003 |
||
| 245 |
_aNew mathematics counts for Secondary 2 Normal (Academic)/ _cTay Choon Hong |
||
| 260 |
_aSingapore _bMarshall Cavendish _c2007 |
||
| 300 |
_a354 p. _c26 cm. |
||
| 562 | _e4 | ||
| 942 |
_2lcc _cBK |
||
| 999 |
_c2458 _d2458 |
||